LEADER 01138nam a22002297a 4500
001 33599
003 BD-DhAAL
005 20180829104919.0
008 180829t2017 bg a|||| s|||f00| 0 eng d
999 |c 39661  |d 39661 
040 |a BD-DhAAL 
082 |a 338.95492  |2 22 
245 |a Annual Development Programme (FY 2017-2018) /  |c Programing division, Planning Commission, Ministry of Planning, Govt. of the People's Republic of Bangladesh  
260 |a Dhaka :  |b Programing division, Planning Commission, Ministry of Planning, Govt. of the People's Republic of Bangladesh   |c 2017 
300 |a iii, 736 pages :  |b illustrations ;  |c 27 cm. 
526 |a AAL 
541 |a Development Book Agency  |e 33599 
651 |a Bangladesh  |x Economic policy.  |9 28025 
710 |a Programing division,  |b Planning Commission,  |b Ministry of Planning,  |b Government of the People's Republic of Bangladesh   |9 28026 
852 |a Ayesha Abed Library  |c General Stacks 
942 |2 ddc  |c BK 
952 |0 0  |1 0  |2 ddc  |4 0  |6 338_954920000000000_ANN  |7 0  |9 64022  |a BRACUL  |b BRACUL  |c GEN  |d 2018-07-23  |e Development Book Agency  |g 800.00  |l 0  |o 338.95492 ANN  |p 3010033599  |r 2018-07-23  |t 1  |v 800.00  |w 2018-07-23  |y BK